| 000 | 00423nam a2200169Ia 4500 | ||
|---|---|---|---|
| 008 | 230711s9999||||xx |||||||||||||| ||und|| | ||
| 020 | _a978-0-7553-4757-5 | ||
| 041 | _aENG | ||
| 082 |
_a800 _bRU-E |
||
| 100 | _aRutherford,Alex | ||
| 245 | 0 | _aEmpire of the Moghul ruler of the world | |
| 250 | _a1st Ed. | ||
| 260 |
_c2010 _aLondon _bHeadline Review Publications |
||
| 300 | _a401 | ||
| 650 | _aLiterature | ||
| 942 | _cBK | ||
| 999 |
_c5297 _d5297 |
||